| 000 | 00529cam a2200181 a 4500 | ||
|---|---|---|---|
| 008 | 161215t2010 mx ||||g |||| 00| f spa d | ||
| 020 | _a9789702008576 | ||
| 041 | _aspa | ||
| 092 |
_c808 _l53 _sMOL |
||
| 100 | 1 |
_aMolla, Jean _94322 |
|
| 245 |
_aSobibor / _cJean Molla |
||
| 250 |
_a1a ed. _bTraducción Josefina Anaya |
||
| 260 |
_aMéxico: _bCastillo de la Lectura; _c2010. |
||
| 300 | _a190 p. | ||
| 500 | _aMolla, J. (2010). Sobibor. (1a ed.). México : Castillo de la Lectura. | ||
| 655 |
_aNovela _93091 |
||
| 942 |
_2ddc _cLIT |
||
| 999 |
_c2378 _d2378 |
||